01100ngm a2200301 4500003000400000005001700004007000300021008004100024010002000065024002100085035002000106040001300126082001300139245008800152260002800240300005000268440003300318500014000351538004900491538012500540650001900665700001900684700002200703700002000725700001700745700001600762700002000778dpl20100311155941.0ta||||||sp199 xxu|||||c ||| 00| 0 ng d  aDVD-006402-6409 aDHIF2093Sc99.00 aDVD-006402-6409 aDPLcDPL aDVD VICT aVictorycWalkwater Media And Victory Moving Picture Presentsh[videorecording] DVD/ bMoserbaer Entertainment a1 videodisc DVD;bsd., col. ;c4 3/4 in.fDVD aMoserbaer Home Entertainment aMoserbaer India Ltd. has obtained the necessary licence/conssent from the owner of the copyright in the wroks for making this DVD Film. aDolby Digital 5.1 - Hindi Subtitles: English aThis DVD can be played back on DVD Players, multimedia systems & PC with MPEG card interactive with version 2.0 players. aMotion Picture aAjitpal Mangat aShaetty, Manmohan aBaweja, Harmans aKher, Anupam aRao, Amrita aGrover, Gulshan